The count of monte cristo / (Record no. 276837)
[ view plain ]
| 000 -LEADER | |
|---|---|
| fixed length control field | 01237cam a2200349 a 4500 |
| 001 - CONTROL NUMBER | |
| control field | 13860246 |
| 005 - DATE AND TIME OF LATEST TRANSACTION | |
| control field | 20141120084520.0 |
| 008 - FIXED-LENGTH DATA ELEMENTS--GENERAL INFORMATION | |
| fixed length control field | 050203s2004 nyu 000 1 eng d |
| 010 ## - LIBRARY OF CONGRESS CONTROL NUMBER | |
| LC control number | 2005271547 |
| 020 ## - INTERNATIONAL STANDARD BOOK NUMBER | |
| International Standard Book Number | 0743487559 |
| 035 ## - SYSTEM CONTROL NUMBER | |
| System control number | (OCoLC)ocm54980623 |
| 040 ## - CATALOGING SOURCE | |
| Original cataloging agency | IG# |
| Transcribing agency | IG# |
| Modifying agency | OCLCQ |
| -- | DLC |
| 041 1# - LANGUAGE CODE | |
| Language code of text/sound track or separate title | eng |
| Language code of original and/or intermediate translations of text | fre |
| 042 ## - AUTHENTICATION CODE | |
| Authentication code | lccopycat |
| 043 ## - GEOGRAPHIC AREA CODE | |
| Geographic area code | e-fr--- |
| 050 00 - LIBRARY OF CONGRESS CALL NUMBER | |
| Classification number | PQ 2226 |
| Item number | .D886 2004 |
| 100 1# - MAIN ENTRY--PERSONAL NAME | |
| Personal name | Dumas, Alexandre, |
| Dates associated with a name | 1802-1870. |
| 240 10 - UNIFORM TITLE | |
| Uniform title | <a href="Comte de Monte-Cristo.">Comte de Monte-Cristo.</a> |
| Language of a work | English |
| 245 14 - TITLE STATEMENT | |
| Title | The count of monte cristo / |
| Statement of responsibility, etc | Alexandre Dumas ; supplementary material written by Margaret Brantley. |
| 260 ## - PUBLICATION, DISTRIBUTION, ETC. (IMPRINT) | |
| Place of publication, distribution, etc | New York : |
| Name of publisher, distributor, etc | Pocket Books, |
| Date of publication, distribution, etc | [2004] |
| 300 ## - PHYSICAL DESCRIPTION | |
| Extent | xx, 663 pages : |
| Dimensions | 18 cm. |
| 490 1# - SERIES STATEMENT | |
| Series statement | Enriched classic |
| 651 #0 - SUBJECT ADDED ENTRY--GEOGRAPHIC NAME | |
| Geographic name | France |
| General subdivision | History |
| Chronological subdivision | 19th century |
| Form subdivision | Fiction. |
| 655 #7 - INDEX TERM--GENRE/FORM | |
| Genre/form data or focus term | Historical fiction. |
| Source of term | gsafd |
| 655 #7 - INDEX TERM--GENRE/FORM | |
| Genre/form data or focus term | Adventure stories. |
| Source of term | gsafd |
| 700 1# - ADDED ENTRY--PERSONAL NAME | |
| Personal name | Brantley, Margaret. |
| 830 #0 - SERIES ADDED ENTRY--UNIFORM TITLE | |
| Uniform title | Enriched classics series. |
| 856 42 - ELECTRONIC LOCATION AND ACCESS | |
| Materials specified | Publisher description |
| Uniform Resource Identifier | <a href="http://www.loc.gov/catdir/enhancements/fy0631/2005271547-d.html">http://www.loc.gov/catdir/enhancements/fy0631/2005271547-d.html</a> |
| 906 ## - LOCAL DATA ELEMENT F, LDF (RLIN) | |
| a | 7 |
| b | cbc |
| c | copycat |
| d | 2 |
| e | ncip |
| f | 20 |
| g | y-gencatlg |
| 942 ## - ADDED ENTRY ELEMENTS (KOHA) | |
| Source of classification or shelving scheme | Library of Congress Classification |
| Koha item type | Books |
| Withdrawn status | Lost status | Source of classification or shelving scheme | Damaged status | Home library | Current library | Shelving location | Date acquired | Source of acquisition | Total Checkouts | Full call number | Barcode | Date last seen | Date checked out | Price effective from | Koha item type |
|---|---|---|---|---|---|---|---|---|---|---|---|---|---|---|---|
| Library of Congress Classification | College Library | College Library | Fiction Section | 11/20/2014 | Donation | 1 | PQ 2226 .D886 2004 | C18956 | 09/12/2018 | 09/05/2018 | 11/20/2014 | Books |